| 000 | 00642nam a2200217Ia 4500 | ||
|---|---|---|---|
| 001 | 37554 | ||
| 003 | DR-UNIBE | ||
| 005 | 20260113131503.0 | ||
| 008 | 251202b1994 dr ||||| |||| 00| 0 spa d | ||
| 040 | _cBIBLIOTECA UNIBE | ||
| 041 | _aspa | ||
| 082 | _aF-RD 6025 | ||
| 090 | _aRD-F 1203 | ||
| 110 |
_aRepública Dominicana. [Constitución] _918223 |
||
| 245 | _aConstitución de la República Dominicana | ||
| 260 |
_aSanto Domingo : _bSoto Castillo, _c1994 |
||
| 300 | _a41 páginas | ||
| 500 | _aEl ej. no.3 fue donado por el DR. Guillermo Moreno | ||
| 651 | 7 |
_aRepública Dominicana _xConstitución _9622 _2lemb |
|
| 942 |
_2ddc _cMX |
||
| 999 |
_c114256 _d114256 |
||